[Event "IND-ch U10 Girls"]
[Site "Jammu"]
[Date "2022.05.01"]
[Round "11"]
[White "Tanusri, S."]
[Black "Siddhi, Rao"]
[Result "1-0"]
[WhiteElo "1111"]
[BlackElo "1151"]
[PlyCount "127"]
[EventDate "2022.04.26"]
[EventType "swiss"]
[EventRounds "11"]
[EventCountry "IND"]
[SourceTitle "EXT 2023"]
[Source "ChessBase"]
[SourceDate "2022.10.05"]
[SourceVersion "1"]
[SourceVersionDate "2022.10.05"]
[SourceQuality "1"]

1. e4 e5 2. Nf3 Nc6 3. Bb5 a6 4. Ba4 Nf6 5. 0-0 Be7 6. Re1 b5 7. Bb3 0-0 8. c3 d6 9. h3 Nb8 10. d4 Nbd7 11. Nbd2 Bb7 12. Bc2 Re8 13. Nf1 Bf8 14. Ng3 g6 15. Bg5 Bg7 16. Qd2 Nb6 17. b3 Qe7 18. Rad1 Rad8 19. Qc1 c5 20. h4 h5 21. Nh2 Qc7 22. d5 c4 23. b4 Ra8 24. f4 Nbd7 25. f5 a5 26. a3 axb4 27. axb4 Qb6+ 28. Be3 Qc7 29. fxg6 fxg6 30. Nf3 Ng4 31. Ng5 Nxe3 32. Qxe3 Nf8 33. Rf1 Re7 34. Rf2 Bc8 35. Rdf1 Bd7 36. Kh2 Be8 37. Rf3 Qa7 38. Qe2 Bd7 39. Rf7 Be8 40. R7f2 Bd7 41. Nxh5 Nh7 42. Nxh7 Kxh7 43. Nxg7 Rxg7 44. Rf7 Rag8 45. h5 Kh6 46. Qd2+ g5 47. Qe2 Qc7 48. Qf3 Qd8 49. Rf6+ Kh7 50. Rxd6 Bg4 51. Rxd8 Bxf3 52. Rxg8 Kxg8 53. Rxf3 Rf7 54. Rxf7 Kxf7 55. d6 Ke6 56. h6 Kxd6 57. h7 Ke7 58. h8Q Ke6 59. Bd1 Kd6 60. Qf6+ Kc7 61. Bg4 Kb7 62. Qd6 Ka7 63. Bc8 Ka8 64. Qa6+ 1-0